000 01023nam a22003257a 4500
003 CHAP
005 20220329133829.0
008 971013s1919 r 00010 d
010 _a11513
011 _a12485
035 _a15671
040 _cCHAP
082 _a630.72
_bN48
110 _aNew York State College of Agriculture and Life Sciences
_981025
245 _aAnnual report
260 _aNew York :
_bThe College,
_c19 -19 .
300 _av.
490 _aLegislative Document
500 _aLa biblioteca tiene: 1981
590 _aBATCH-UPD
_b10
_c20130109
_lUCH01
_h2307
590 _aBATCH-UPD
_b10
_c20130410
_lUCH01
_h1504
590 _aBATCH-UPD
_b10
_c20130914
_lUCH01
_h0632
590 _aCONVERSION
_b10
_c20130109
_lUCH01
_h1308
650 1 4 _aAgricultura
_xInvestigacion
_zE.U.A.
_91699
650 1 4 _aBiología
_xInvestigación
_xE.U.A.
_912789
830 0 _aLegislative Document
_965667
901 _aBK
942 _cLIBRO
949 _a630.72 N48
_bBC
_cLIBRO
_d33724000042925
_eLIBRO
_f1981
_h70450
_i15671
_si
999 _c11513
_d11513